[Event "WECU-ch36"]
[Site "Winchester"]
[Date "1981.04.18"]
[Round "5"]
[White "Heasman, Richard"]
[Black "Thompson, Ian D"]
[Result "0-1"]
[WhiteElo "1990"]
[BlackElo "2064"]
[PlyCount "55"]
[EventDate "1981.04.16"]
[EventType "swiss"]
[EventRounds "7"]
[EventCountry "ENG"]
[SourceTitle "BritBase"]
[Source "John Saunders"]
[SourceDate "2024.07.04"]
[SourceVersion "1"]
[SourceVersionDate "2024.07.04"]
[SourceQuality "1"]

1. e4 e6 2. d4 d5 3. e5 c5 4. c3 Qb6 5. Nf3 Nc6 6. Be2 Bd7 7. O-O cxd4 8. cxd4
Nh6 9. Nc3 Nf5 10. Na4 Qc7 11. Bf4 Qa5 12. Bd2 Qd8 13. Bf4 Rc8 14. Rc1 Be7 15.
Nc5 Bxc5 16. Rxc5 Ncxd4 17. Rxc8 Nxf3+ 18. Bxf3 Qxc8 19. Qd2 O-O 20. Rc1 Bc6
21. Bg5 Qd7 22. Qb4 h6 23. Bd2 Rc8 24. a4 Qc7 25. Qf4 g5 26. Qg4 Qxe5 27. Qh5
Qxb2 28. Re1 {Source: Ian Thompson} 0-1

[Event "WECU-ch36"]
[Site "Winchester"]
[Date "1981.04.18"]
[Round "5"]
[White "Meade, Philip James"]
[Black "Aitken, James Macrae"]
[Result "1-0"]
[WhiteElo "2056"]
[BlackElo "2112"]
[PlyCount "49"]
[EventDate "1981.04.16"]
[EventType "swiss"]
[EventRounds "7"]
[EventCountry "ENG"]
[SourceTitle "Aitken Book 43"]
[Source "Geoff Chandler"]
[SourceDate "2021.09.09"]
[SourceVersion "1"]
[SourceVersionDate "2021.09.09"]
[SourceQuality "1"]

1. e4 e5 2. Nf3 Nc6 3. Bb5 a6 4. Ba4 Nf6 5. O-O b5 6. Bb3 d6 7. Ng5 d5 8. exd5
Nd4 9. c3 Nxb3 10. Qxb3 Nxd5 11. Re1 f6 12. d4 $1 {Aitken} Be7 13. Nf3 e4 14.
Rxe4 Bb7 15. Nbd2 Nb6 16. Re1 Bd5 17. Qc2 O-O 18. Nh4 Re8 19. Nf1 g6 $4 {Aitken
} 20. Nxg6 hxg6 21. Qxg6+ Kh8 22. Re3 Qd7 23. Qh5+ Kg7 24. Rg3+ Kf8 25. Bh6# {
Source: Aitken Book 43} 1-0

[Event "WECU-ch36"]
[Site "Winchester"]
[Date "1981.04.19"]
[Round "6"]
[White "Buckmaster, Martin J"]
[Black "Aitken, James Macrae"]
[Result "0-1"]
[WhiteElo "1976"]
[BlackElo "2112"]
[PlyCount "56"]
[EventDate "1981.04.16"]
[EventType "swiss"]
[EventRounds "7"]
[EventCountry "ENG"]
[SourceTitle "Aitken Book 43"]
[Source "Geoff Chandler"]
[SourceDate "2021.09.09"]
[SourceVersion "1"]
[SourceVersionDate "2021.09.09"]
[SourceQuality "1"]

1. e4 e5 2. Nf3 Nc6 3. d4 exd4 4. Nxd4 Nf6 5. Nc3 Bb4 6. Nxc6 bxc6 7. Bd3 d5 8.
exd5 cxd5 9. O-O O-O 10. Bg5 c6 11. Qf3 Be7 12. Rae1 h6 13. Bxh6 $2 {Aitken}
gxh6 14. Qe3 Ng4 $5 {Aitken} 15. Qxe7 Qxe7 16. Rxe7 Be6 17. f4 Ne3 18. Rf3 Nf5
19. Bxf5 Bxf5 20. Re5 Bxc2 21. Rh5 d4 22. Rg3+ Kh7 23. Ne2 d3 24. Nc3 d2 25.
Rgh3 Rad8 26. Rxh6+ Kg7 27. Nd1 Bxd1 28. f5 $1 {Aitken} Bh5 $1 {Aitken, who
now writes that this was probably his "best game of the tournament. Certainly
the most thrilling, After I saw 28.f5 with the f6+ mating, my first reaction
28...f6 which allows at the very least a perpetual." Source: Aitken Book 43}
0-1

[Event "WECU-ch36"]
[Site "Winchester"]
[Date "1981.04.19"]
[Round "6"]
[White "Derrick, Kenneth W"]
[Black "Ashby, Alan Peter"]
[Result "0-1"]
[WhiteElo "2072"]
[BlackElo "2248"]
[PlyCount "46"]
[EventDate "1981.04.16"]
[EventType "swiss"]
[EventRounds "7"]
[EventCountry "ENG"]
[SourceTitle "BritBase"]
[Source "John Saunders"]
[SourceDate "2024.07.04"]
[SourceVersion "1"]
[SourceVersionDate "2024.07.04"]
[SourceQuality "1"]

1. e4 c5 2. Nf3 e6 3. d4 cxd4 4. Nxd4 a6 5. Bd3 Nf6 6. O-O d6 7. Kh1 b6 8. f4
Bb7 9. Nc3 Nbd7 10. Qe2 Qc7 11. Nf3 Nc5 12. e5 Nfd7 13. f5 Nxe5 14. Nxe5 dxe5
15. fxe6 Nxe6 16. Ne4 Be7 17. Qh5 g6 18. Qe2 f5 19. Ng3 Nd4 20. Qd2 O-O-O 21.
c3 Ne6 22. Qe2 Nf4 23. Bxf4 exf4 {Source: David LeMoir} 0-1

[Event "WECU-ch36"]
[Site "Winchester"]
[Date "1981.04.19"]
[Round "6"]
[White "LeMoir, David A"]
[Black "Shutler, Stephen J"]
[Result "0-1"]
[WhiteElo "2112"]
[BlackElo "2184"]
[PlyCount "86"]
[EventDate "1981.04.16"]
[EventType "swiss"]
[EventRounds "7"]
[EventCountry "ENG"]
[SourceTitle "BritBase"]
[Source "John Saunders"]
[SourceDate "2024.07.04"]
[SourceVersion "1"]
[SourceVersionDate "2024.07.04"]
[SourceQuality "1"]

1. e4 c5 2. Nf3 Nc6 3. b4 cxb4 4. d4 g6 5. Bb2 Bg7 6. Nbd2 d6 7. Bc4 Nf6 8. d5
Nb8 9. a3 bxa3 10. Rxa3 Bg4 11. Qa1 Bxf3 12. Nxf3 O-O 13. Bd3 a6 14. g4 Nbd7
15. h4 Qb6 16. Bd4 Nxg4 17. Bxb6 Bxa1 18. Rxa1 Nxb6 19. Rb1 Nd7 20. Rxb7 Rab8
21. Rxb8 Rxb8 22. Ke2 Nc5 23. Ra1 Rb2 24. Nd2 Nxf2 25. Ra3 Nfxd3 26. cxd3 a5
27. Ke3 Nb7 28. Rc3 a4 29. Ra3 Rb4 30. d4 f5 31. exf5 gxf5 32. Kd3 Nd8 33. Kc3
Rb7 34. Rxa4 Kg7 35. Kd3 Nf7 36. Ke3 Rb5 37. Ra7 Kf6 38. Nf3 Rxd5 39. Ra8 e5
40. Kd3 Rb5 41. Kc4 Rb7 42. Ra6 e4 43. Nd2 Ke6 {Source: David LeMoir} 0-1

[Event "WECU-ch36"]
[Site "Winchester"]
[Date "1981.04.19"]
[Round "6"]
[White "Shire, David John"]
[Black "Cullinane, Anthony Robert"]
[Result "1-0"]
[WhiteElo "2120"]
[BlackElo "2000"]
[PlyCount "47"]
[EventDate "1981.04.16"]
[EventType "swiss"]
[EventRounds "7"]
[EventCountry "ENG"]
[SourceTitle "BritBase"]
[Source "John Saunders"]
[SourceDate "2024.07.04"]
[SourceVersion "1"]
[SourceVersionDate "2024.07.04"]
[SourceQuality "1"]

1. d4 d5 2. c4 c6 3. Nc3 e6 4. e4 dxe4 5. Nxe4 Bb4+ 6. Bd2 Qxd4 7. Bxb4 Qxe4+
8. Be2 c5 9. Bxc5 Qxg2 10. Qd6 Nd7 11. O-O-O Qg5+ 12. Be3 Qe7 13. Qg3 f6 14.
Nf3 e5 15. Rd5 g6 16. Rhd1 e4 17. c5 exf3 18. Bb5 Qe6 19. Qc7 Ne7 20. Rxd7 Kf8
21. Bh6+ Kf7 22. Rxe7+ Qxe7 23. Bc4+ Ke8 24. Rd8+ {Source: David LeMoir} 1-0

[Event "WECU-ch36"]
[Site "Winchester"]
[Date "1981.04.19"]
[Round "6"]
[White "Thompson, Ian D"]
[Black "Moore, Gerald"]
[Result "1-0"]
[WhiteElo "2064"]
[BlackElo "2136"]
[PlyCount "85"]
[EventDate "1981.04.16"]
[EventType "swiss"]
[EventRounds "7"]
[EventCountry "ENG"]
[SourceTitle "BritBase"]
[Source "John Saunders"]
[SourceDate "2024.07.04"]
[SourceVersion "1"]
[SourceVersionDate "2024.07.04"]
[SourceQuality "1"]

1. c4 g6 2. Nc3 Bg7 3. e4 d6 4. g3 Nc6 5. Bg2 f5 6. Nge2 e5 7. O-O Nge7 8. d3
O-O 9. Nd5 Be6 10. Nec3 Qd7 11. f4 Rf7 12. Nxe7+ Qxe7 13. exf5 gxf5 14. Be3 Qd7
15. Qd2 Re8 16. Rad1 Nd8 17. b3 Nc6 18. Rfe1 Kh8 19. Ne2 Rfe7 20. d4 exd4 21.
Nxd4 Bf7 22. Nxc6 bxc6 23. Bf2 c5 24. Rxe7 Rxe7 25. Bxc5 Bh5 26. Bxa7 Bxd1 27.
Qxd1 c5 28. Bb6 Qe6 29. h3 Bd4+ 30. Kh2 Qe3 31. Ba5 Rg7 32. Qe1 Rxg3 33. Qxe3
Rxe3 34. Bc7 Re2 35. a4 Rb2 36. a5 Rxb3 37. a6 Ra3 38. Bb7 d5 39. cxd5 c4 40.
d6 c3 41. d7 Ra2+ 42. Kg3 Bf6 43. Be5 {Source: Ian Thompson} 1-0

[Event "WECU-ch36"]
[Site "Winchester"]
[Date "1981.04.20"]
[Round "7"]
[White "Aitken, James Macrae"]
[Black "Ashby, Alan Peter"]
[Result "1/2-1/2"]
[WhiteElo "2112"]
[BlackElo "2248"]
[PlyCount "59"]
[EventDate "1981.04.16"]
[EventType "swiss"]
[EventRounds "7"]
[EventCountry "ENG"]
[SourceTitle "Aitken Book 43"]
[Source "Geoff Chandler"]
[SourceDate "2021.09.09"]
[SourceVersion "1"]
[SourceVersionDate "2021.09.09"]
[SourceQuality "1"]

1. e4 c5 2. Nf3 e6 3. d4 cxd4 4. Nxd4 a6 5. Bd3 g6 6. O-O Bg7 7. Be3 Ne7 8. c3
O-O 9. Qd2 d5 10. exd5 Nxd5 11. Bh6 e5 12. Bxg7 Kxg7 13. Nf3 Nf4 14. Bc2 Qf6
15. Qe3 Nc6 16. Be4 Re8 17. Nbd2 Qe6 18. Nd4 Nh3+ 19. gxh3 exd4 20. cxd4 Qf6
21. d5 Nd4 22. Rfc1 Bxh3 23. Rc4 Ne2+ 24. Kh1 Nf4 25. Qc3 Re5 26. d6 Rae8 27.
Rg1 Ne2 28. Qxh3 Nxg1 29. Qe3 Nh3 30. Qxh3 {Source: Aitken Book 43. Scores: 1
PH Clarke 5½/7; 2-3 PK Wells, SJ Shutler 5; 4-7 AP Ashby, GW Lane, AT Mordue,
ID Thompson 4½, 5-7 JM Aitken, PJ Meade, JFS Menadue 4, etc - report and
crosstable https://www.hampshirechesshistory.com/wecu-championship-1981}
1/2-1/2

[Event "WECU-ch36"]
[Site "Winchester"]
[Date "1981.04.20"]
[Round "7"]
[White "Heasman, Richard"]
[Black "Andrews, B Peter A"]
[Result "1-0"]
[WhiteElo "1990"]
[BlackElo "2152"]
[PlyCount "57"]
[EventDate "1981.04.16"]
[EventType "swiss"]
[EventRounds "7"]
[EventCountry "ENG"]
[SourceTitle "BritBase"]
[Source "John Saunders"]
[SourceDate "2024.07.04"]
[SourceVersion "1"]
[SourceVersionDate "2024.07.04"]
[SourceQuality "1"]

1. e4 e5 2. Nf3 Nc6 3. Bc4 Bc5 4. c3 Qe7 5. d4 Bb6 6. Bg5 Nf6 7. d5 Nd8 8. d6
cxd6 9. Na3 a6 10. Bd5 Ne6 11. Nc4 Bc7 12. Bxf6 Qxf6 13. Ne3 g6 14. a4 Rb8 15.
Ba2 O-O 16. a5 Nc5 17. Nd5 Qd8 18. Qe2 b6 19. h4 bxa5 20. Ng5 Rxb2 21. Qf3 Kg7
22. Nxc7 Qxc7 23. h5 gxh5 24. Rxh5 h6 25. Qg3 Nd3+ 26. Qxd3 hxg5 27. Qf3 Kg6
28. Qf5+ Kxh5 29. Qh7+ {Source: David LeMoir} 1-0

[Event "WECU-ch36"]
[Site "Winchester"]
[Date "1981.04.20"]
[Round "7"]
[White "Moore, Gerald"]
[Black "LeMoir, David A"]
[Result "1/2-1/2"]
[WhiteElo "2136"]
[BlackElo "2112"]
[PlyCount "20"]
[EventDate "1981.04.16"]
[EventType "swiss"]
[EventRounds "7"]
[EventCountry "ENG"]
[SourceTitle "BritBase"]
[Source "John Saunders"]
[SourceDate "2024.07.04"]
[SourceVersion "1"]
[SourceVersionDate "2024.07.04"]
[SourceQuality "1"]

1. Nf3 f5 2. g3 Nf6 3. Bg2 e6 4. O-O Be7 5. c4 O-O 6. b3 Ne4 7. Bb2 Bf6 8. Qc2
a5 9. d3 Bxb2 10. Qxb2 Qf6 {Source: David LeMoir} 1/2-1/2

[Event "WECU-ch36"]
[Site "Winchester"]
[Date "1981.04.20"]
[Round "7"]
[White "Wells, Peter K"]
[Black "Thompson, Ian D"]
[Result "1/2-1/2"]
[WhiteElo "2208"]
[BlackElo "2064"]
[PlyCount "72"]
[EventDate "1981.04.16"]
[EventType "swiss"]
[EventRounds "7"]
[EventCountry "ENG"]
[SourceTitle "BritBase"]
[Source "John Saunders"]
[SourceDate "2024.07.04"]
[SourceVersion "1"]
[SourceVersionDate "2024.07.04"]
[SourceQuality "1"]

1. d4 e6 2. Nf3 Nf6 3. c4 b6 4. a3 Be7 5. Nc3 d5 6. cxd5 exd5 7. g3 O-O 8. Bg2
c6 9. O-O Bb7 10. Ne5 Nbd7 11. Nd3 Rc8 12. b4 c5 13. dxc5 bxc5 14. bxc5 Nxc5
15. Nxc5 Bxc5 16. Bg5 Be7 17. Qd3 h6 18. Be3 Bc5 19. Bxc5 Rxc5 20. Rab1 Qd7 21.
Ne4 Nxe4 22. Bxe4 Qc6 23. Bf3 Bc8 24. Qd2 Be6 25. Rfc1 Rc8 26. Rxc5 Qxc5 27.
Qb2 d4 28. Kg2 Bd5 29. Bxd5 Qxd5+ 30. Kg1 d3 31. Rd1 dxe2 32. Qxe2 Qb3 33. Rd3
Rc1+ 34. Kg2 Qb7+ 35. Qf3 Qc7 36. Qf4 Qxf4 {Source: Ian Thompson} 1/2-1/2

[Event "WECU-ch36 Open/Challengers"]
[Site "Winchester"]
[Date "1981.04.16"]
[Round "1"]
[White "Bennett, Douglas A"]
[Black "Stenhouse, Iain"]
[Result "1-0"]
[WhiteElo "2168"]
[BlackElo "1920"]
[PlyCount "53"]
[EventDate "1981.04.16"]
[EventType "swiss"]
[EventRounds "7"]
[EventCountry "ENG"]

1. e4 Nf6 2. e5 Nd5 3. d4 d6 4. exd6 exd6 5. c4 Nf6 6. Bd3 Nc6 7. Nf3 Bg4 8.
Be3 Be7 9. O-O O-O 10. h3 Bh5 11. Nbd2 Qd7 12. Re1 Nb4 13. Bb1 Bg6 14. Bxg6
hxg6 15. Qb3 a5 16. a3 Nc6 17. d5 Nd8 18. Qd3 c5 19. b4 axb4 20. axb4 Rxa1 21.
Rxa1 cxb4 22. Qb3 Qf5 23. Qxb4 Nd7 24. Nd4 Qe5 25. N2f3 Qe4 26. Re1 Ne5 27. Bg5
{Source: Westward Ho (WECU Bulletin), No.18, June 1981} 1-0

[Event "WECU-ch36 Open/Challengers"]
[Site "Winchester"]
[Date "1981.04.16"]
[Round "1"]
[White "Burton, Ronnie"]
[Black "House, Keith C"]
[Result "1-0"]
[WhiteElo "1864"]
[BlackElo "1840"]
[PlyCount "61"]
[EventDate "1981.04.16"]
[EventType "swiss"]
[EventRounds "7"]
[EventCountry "ENG"]

1. e4 e5 2. Nf3 Nc6 3. Bb5 a6 4. Ba4 d6 5. d4 Bd7 6. c3 Nf6 7. Bc2 Bg4 8. d5
Nb8 9. h3 Bh5 10. Nbd2 Nbd7 11. b4 Be7 12. Nf1 O-O 13. Ng3 Rc8 14. Nxh5 Nxh5
15. Nxe5 Nxe5 16. Qxh5 c6 17. O-O g6 18. Qe2 cxd5 19. exd5 Rxc3 20. Bb2 Rc7 21.
f4 Nc4 22. Bd4 Bf6 23. Bxf6 Qxf6 24. Rad1 Qb2 25. Rf2 Qxb4 26. f5 Qc5 27. f6
Ne3 28. Rd2 Nxd5 29. Qf3 Nb4 30. Qf4 Rd8 31. Qh6 {Source: Westward Ho (WECU
Bulletin), No.18, June 1981} 1-0

[Event "WECU-ch36 Open/Challengers"]
[Site "Winchester"]
[Date "1981.04.16"]
[Round "2"]
[White "Hawthorne, Christopher"]
[Black "Bray, Christopher L"]
[Result "1-0"]
[WhiteElo "1864"]
[BlackElo "1832"]
[PlyCount "55"]
[EventDate "1981.04.16"]
[EventType "swiss"]
[EventRounds "7"]
[EventCountry "ENG"]

1. e4 c5 2. Nf3 Nc6 3. d4 cxd4 4. Nxd4 Nf6 5. Nc3 e6 6. Ndb5 d6 7. Bf4 e5 8.
Bg5 a6 9. Na3 Be7 10. Nc4 b5 11. Bxf6 gxf6 12. Ne3 Nd4 13. Bd3 Be6 14. Ncd5 Rc8
15. c3 Nc6 16. a4 Rb8 17. axb5 axb5 18. Qe2 b4 19. Bb5 Bd7 20. Bxc6 Bxc6 21.
Ra7 Bxd5 22. Nxd5 bxc3 23. Qh5 Rf8 24. Nc7+ Qxc7 25. Rxc7 cxb2 26. Kd2 b1=Q 27.
Rxb1 Rxb1 28. Qf5 {Source: Westward Ho (WECU Bulletin), No.18, June 1981} 1-0

[Event "WECU-ch36 Open/Challengers"]
[Site "Winchester"]
[Date "1981.04.16"]
[Round "2"]
[White "Stenhouse, Iain"]
[Black "Goddard, Jonathan R"]
[Result "0-1"]
[WhiteElo "1920"]
[BlackElo "1696"]
[PlyCount "58"]
[EventDate "1981.04.16"]
[EventType "swiss"]
[EventRounds "7"]
[EventCountry "ENG"]

1. d4 Nf6 2. c4 g6 3. Nc3 Bg7 4. e4 d6 5. f3 O-O 6. Bg5 Nbd7 7. Qd2 c5 8. dxc5
Nxc5 9. Nge2 Qa5 10. Rb1 Nd3+ 11. Qxd3 Qxg5 12. h4 Qe5 13. Nd5 Nxd5 14. cxd5 f5
15. Qc3 fxe4 16. Qxe5 Bxe5 17. fxe4 Bg4 18. Kd2 Rac8 19. Nc3 Bf4+ 20. Kd3 Bh6
21. Be2 Rf2 22. Rhg1 Rxc3+ 23. Kxc3 Rxe2 24. Kd3 Re3+ 25. Kd4 Be2 26. Rge1 b5
27. e5 Rxe5 28. g4 b4 29. a3 Be3# {Source: Westward Ho (WECU Bulletin), No.18,
June 1981 (Black was aged 12 at the time)} 0-1

[Event "WECU-ch36 Open/Challengers"]
[Site "Winchester"]
[Date "1981.04.17"]
[Round "3"]
[White "Leyton, George"]
[Black "Hawthorne, Christopher"]
[Result "1-0"]
[WhiteElo "2088"]
[BlackElo "1864"]
[PlyCount "57"]
[EventDate "1981.04.16"]
[EventType "swiss"]
[EventRounds "7"]
[EventCountry "ENG"]

1. e4 e6 2. c4 d5 3. cxd5 exd5 4. exd5 Nf6 5. Bb5+ Nbd7 6. Nc3 Be7 7. Nf3 O-O
8. O-O a6 9. Bc4 b5 10. Bb3 Bb7 11. d4 Nb6 12. Bf4 Nbxd5 13. Be5 Nb6 14. Rc1
Bd6 15. Re1 h6 16. Nb1 a5 17. Nbd2 a4 18. Bc2 Bd5 19. Bb1 b4 20. Qc2 g6 21. Nh4
Bxe5 22. dxe5 Nh5 23. Nxg6 fxg6 24. Qxg6+ Ng7 25. Qh7+ Kf7 26. Bg6+ Ke6 27.
Qxh6 Qe7 28. Be8+ Kf5 29. Qg6+ {Source: Westward Ho (WECU Bulletin), No.18,
June 1981} 1-0

[Event "WECU-ch36 Reserves"]
[Site "Winchester"]
[Date "1981.04.16"]
[Round "1"]
[White "Richards, A"]
[Black "Jackson, RJ"]
[Result "1-0"]
[WhiteElo "1720"]
[BlackElo "1536"]
[PlyCount "47"]
[EventDate "1981.04.16"]
[EventType "swiss"]
[EventRounds "7"]
[EventCountry "ENG"]

1. e4 c5 2. Nc3 Nc6 3. g3 d6 4. Bg2 Nf6 5. d3 e6 6. f4 Be7 7. Nf3 O-O 8. O-O a6
9. a4 Qc7 10. Nh4 Rb8 11. f5 Nd4 12. g4 exf5 13. g5 Ng4 14. Nd5 Qd8 15. Nxf5
Nxf5 16. exf5 Nxh2 17. f6 Bxf6 18. gxf6 Nxf1 19. Ne7+ Kh8 20. Qxf1 Re8 21.
fxg7+ Kxg7 22. Bh6+ Kxh6 23. Qf6+ Kh5 24. Bf3+ {Source: Westward Ho (WECU
Bulletin), No.18, June 1981} 1-0